000
00219 a2200097 4500
001
38623
100
_a
Pailsay Bart
245
_a
Jehangir ka Hindustan
260
_a
Lahore
_b
Faction House
_c
1997
090
_c
24491
_d
24491
942
_a
NUST-CAE
_c
M
_c
16104
999
_c
273696
_d
273696